Plan de ordenamiento ambiental del área de salud atendida por el centro de salud del municipio de Ciudad Sandino, año 2004
Presenta un plan de ordenamiento ambiental del área atendida por el centro de salud de ciudad Sandino, el cual permita un desarrollo progresivo y un equilibrio ambiental en la región seleccionada para el mejoramiento del estado de salud de la población año 2004. Determina los principales actore...
| Main Authors: | , , |
|---|---|
| Other Authors: | |
| Format: | Tesis Section = Libro |
| Language: | Undetermined Spanish |
| Published: |
Managua
UNI
2004
|
| Subjects: |
| LEADER | 01543nam a2200265Ia 4500 | ||
|---|---|---|---|
| 008 | 240830s9999 xx 000 0 und d | ||
| 040 | |a BIBLIOTECA-RUSB/ T.Mon 333.7 M337 | ||
| 041 | |a spa | ||
| 082 | |a T.Mon 333.7 M337 | ||
| 100 | 1 | |a Marín Ruiz, Jesús | |
| 100 | 1 | |b Obando, Maritza | |
| 100 | 1 | |c Zeledón, Alma Nubia | |
| 245 | 1 | 0 | |a Plan de ordenamiento ambiental del área de salud atendida por el centro de salud del municipio de Ciudad Sandino, año 2004 |
| 260 | |a Managua |b UNI |c 2004 | ||
| 300 | |a 210 p. :il. | ||
| 500 | |a Contiene: anexos. | ||
| 502 | |a Tesis (Especialista en Planeamiento Ambiental y Desarrollo del Sector Salud) - UNI, 2004. | ||
| 520 | 3 | |a Presenta un plan de ordenamiento ambiental del área atendida por el centro de salud de ciudad Sandino, el cual permita un desarrollo progresivo y un equilibrio ambiental en la región seleccionada para el mejoramiento del estado de salud de la población año 2004. Determina los principales actores ambientales del municipio de ciudad Sandino, y las relaciones legislativas de los mismos, los ámbitos compartidos de los actores ambientales del municipio, los objetivos de la calidad ambiental en el área de salud atendida por el centro de salud de ciudad Sandino. | |
| 650 | 7 | |a MEDIO AMBIENTE - ORDENAMIENTO - CENTRO DE SALUD - CIUDAD SANDINO | |
| 650 | 7 | |b FACTORES AMBIENTALES - CENTRO DE SALUD | |
| 650 | 7 | |c CALIDAD AMBIENTAL - CENTRO DE SALUD | |
| 700 | 1 | |a Tutor: |b Milán Pérez, José Antonio | |
| 942 | |c BK |2 ddc | ||
| 991 | |a TESIS | ||
| 999 | |c 21686 | ||